Gminy powiatu bełchatowskiego - Statystyki

Ogólne statystyki
  • Ten quiz został rozwiązany 72 razy
  • Średni wynik to 6 z 8
Statystyki odpowiedzi
Rodzaj Nazwa % Poprawnych
Miejska Bełchatów
96%
Wiejska Bełchatów
96%
Wiejska Szczerców
84%
Wiejska Kleszczów
82%
Wiejska Kluki
78%
Miejsko-wiejska Zelów
78%
Wiejska Drużbice
60%
Wiejska Rusiec
54%
Nie znaleziono quizów pasujących do podanych kryteriów
Rozkład punktacji
Procent ludzi z każdym wynikiem
Percentyl według liczby udzielonych odpowiedzi
Twoja historia wyników
Nie rozwiązałeś tego quizu